<?xml version="1.0" encoding="UTF-8"?>
<record
    xmlns:xsi="http://www.w3.org/2001/XMLSchema-instance"
    xsi:schemaLocation="http://www.loc.gov/MARC21/slim http://www.loc.gov/standards/marcxml/schema/MARC21slim.xsd"
    xmlns="http://www.loc.gov/MARC21/slim">

  <leader>00706nam a22001217a 4500</leader>
  <datafield tag="040" ind1=" " ind2=" ">
    <subfield code="c">RUA</subfield>
  </datafield>
  <datafield tag="100" ind1=" " ind2=" ">
    <subfield code="a">TAING SOPHAL. &#x178F;&#x17B6;&#x17C6;&#x1784; &#x179F;&#x17BB;&#x1795;&#x179B;</subfield>
  </datafield>
  <datafield tag="245" ind1=" " ind2=" ">
    <subfield code="a">STUDY ON THE TECHNOLOGY ADAPTATION AND FARMER INCOME FROM VEGETABLE PRODUCTION IN BATTAMBANG PROVINCE. &#x179F;&#x17B7;&#x1780;&#x17D2;&#x179F;&#x17B6;&#x1796;&#x17B8;&#x1780;&#x17B6;&#x179A;&#x1794;&#x1793;&#x17D2;&#x179F;&#x17BB;&#x17B6;&#x17C6;&#x1794;&#x1785;&#x17D2;&#x1785;&#x17C1;&#x1780;&#x179C;&#x17B7;&#x1791;&#x17D2;&#x1799;&#x17B6;&#x1793;&#x17B7;&#x1784;&#x1794;&#x17D2;&#x179A;&#x17B6;&#x1780;&#x17CB;&#x1785;&#x17C6;&#x178E;&#x17BC;&#x179B;&#x179A;&#x1794;&#x179F;&#x17CB;&#x1780;&#x179F;&#x17B7;&#x1780;&#x179A;&#x1796;&#x17B8;&#x1795;&#x179B;&#x17B7;&#x178F;&#x1780;&#x1798;&#x17D2;&#x1798;&#x178A;&#x17C6;&#x178E;&#x17B6;&#x17C6;&#x1794;&#x1793;&#x17D2;&#x179B;&#x17C2;&#x1793;&#x17C5;&#x1781;&#x17C1;&#x178F;&#x17D2;&#x178F;&#x1794;&#x17B6;&#x178F;&#x17CB;&#x178A;&#x17C6;&#x1794;&#x1784;</subfield>
  </datafield>
  <datafield tag="260" ind1=" " ind2=" ">
    <subfield code="a">Phnom Penh</subfield>
    <subfield code="b">RUA</subfield>
    <subfield code="c">2020</subfield>
  </datafield>
  <datafield tag="300" ind1=" " ind2=" ">
    <subfield code="a">XI.39P</subfield>
    <subfield code="b">IX.</subfield>
    <subfield code="c">29CM</subfield>
  </datafield>
  <datafield tag="856" ind1=" " ind2=" ">
    <subfield code="u">https://drive.google.com/file/d/1Q_0bRH3RSGFA6UNS9HFB4iCGefMzTapb/view?usp=sharing</subfield>
  </datafield>
  <datafield tag="942" ind1=" " ind2=" ">
    <subfield code="c">MNR</subfield>
  </datafield>
  <datafield tag="999" ind1=" " ind2=" ">
    <subfield code="c">21814</subfield>
    <subfield code="d">21814</subfield>
  </datafield>
  <datafield tag="952" ind1=" " ind2=" ">
    <subfield code="0">0</subfield>
    <subfield code="1">0</subfield>
    <subfield code="2">ddc</subfield>
    <subfield code="4">0</subfield>
    <subfield code="6">MNR_TAIN_2020_000000000000000_B429_OR</subfield>
    <subfield code="7">0</subfield>
    <subfield code="9">95006</subfield>
    <subfield code="a">LBB</subfield>
    <subfield code="b">LBB</subfield>
    <subfield code="c">B429</subfield>
    <subfield code="d">2023-09-01</subfield>
    <subfield code="o">MNR TAIN 2020 B429 Or.</subfield>
    <subfield code="p">a074134</subfield>
    <subfield code="r">2023-09-01</subfield>
    <subfield code="w">2023-09-01</subfield>
    <subfield code="y">MNR</subfield>
  </datafield>
  <datafield tag="952" ind1=" " ind2=" ">
    <subfield code="0">0</subfield>
    <subfield code="1">0</subfield>
    <subfield code="2">ddc</subfield>
    <subfield code="4">0</subfield>
    <subfield code="6">MNR_TAIN_2020_000000000000000_B429_OR</subfield>
    <subfield code="7">0</subfield>
    <subfield code="9">95007</subfield>
    <subfield code="a">LBB</subfield>
    <subfield code="b">LBB</subfield>
    <subfield code="c">B429</subfield>
    <subfield code="d">2023-09-01</subfield>
    <subfield code="o">MNR TAIN 2020 B429 Or.</subfield>
    <subfield code="p">a074166</subfield>
    <subfield code="r">2023-09-01</subfield>
    <subfield code="w">2023-09-01</subfield>
    <subfield code="y">MNR</subfield>
  </datafield>
</record>
